Statistics for NCAA College Football Cities

Click here to take the quiz!

General Stats

  • This quiz has been taken 22,679 times
    (7,465 since last reset)
  • The average score is 58 of 127

Answer Stats

Schools City % Correct
Florida Intl.Miami
87%
UCLA, USCLos Angeles
84%
Florida StateTallahassee
78%
Georgia Tech, Georgia StateAtlanta
78%
TexasAustin
76%
SMUDallas
74%
Ohio StateColumbus
74%
UtahSalt Lake City
72%
UNLVLas Vegas
72%
VanderbiltNashville
72%
Houston, RiceHouston
72%
TulaneNew Orleans
70%
WashingtonSeattle
69%
UTSASan Antonio
69%
Central FloridaOrlando
69%
Louisiana StateBaton Rouge
68%
MichiganAnn Arbor
68%
NC StateRaleigh
68%
UTEPEl Paso
66%
HawaiiHonolulu
65%
WisconsinMadison
65%
MinnesotaMinneapolis /
St. Paul
64%
UABBirmingham
63%
TemplePhiladelphia
63%
_________Charlotte
63%
ColoradoBoulder
62%
NebraskaLincoln
62%
NavyAnnapolis
61%
GeorgiaAthens, GA
61%
OhioAthens, OH
61%
DukeDurham
61%
South FloridaTampa
60%
MissouriColumbia, MO
60%
FloridaGainesville
60%
South CarolinaColumbia, SC
60%
San Diego StateSan Diego
58%
North CarolinaChapel Hill
58%
Arizona StateTempe
58%
Notre DameSouth Bend
58%
Texas A&MCollege Station
57%
AlabamaTuscaloosa
57%
CaliforniaBerkley
57%
BaylorWaco
57%
TennesseeKnoxville
56%
ArizonaTucson
55%
OregonEugene
55%
LouisvilleLouisville
55%
KentuckyLexington
53%
Boise StateBoise
53%
Air ForceColorado Springs
52%
NevadaReno
52%
Brigham YoungProvo
51%
TCUFort Worth
51%
Wake ForestWinston-Salem
51%
Louisiana-LafayetteLafayette
51%
New MexicoAlbuquerque
50%
San Jose StateSan Jose
50%
Michigan StateEast Lansing
50%
PittsburghPittsburgh
49%
MemphisMemphis
49%
OklahomaNorman
48%
ArmyWest Point
47%
______Auburn
46%
IllinoisUrbana-
Champaign
46%
CincinnatiCincinnati
45%
ClemsonClemson
45%
Virginia TechBlacksburg
44%
Louisiana-MonroeMonroe
44%
Texas TechLubbock
43%
MississippiOxford, MS
42%
Miami of OhioOxford, OH
42%
VirginiaCharlottesville
42%
TulsaTulsa
42%
SyracuseSyracuse
42%
IowaIowa City
42%
Kansas StateManhattan
41%
StanfordPalo Alto
41%
IndianaBloomington
40%
Iowa StateAmes
40%
MarylandCollege Park
40%
AkronAkron
39%
ArkansasFayetteville
39%
Fresno StateFresno
38%
KansasLawrence
38%
NorthwesternEvanston
37%
West VirginiaMorgantown
37%
ToledoToledo
37%
MiamiCoral Gables
36%
Oklahoma StateStillwater
36%
Oregon StateCorvallis
35%
Penn StateState College
35%
Western KentuckyBowling
Green, KY
34%
______ CollegeBoston
34%
Bowling GreenBowling
Green, OH
34%
PurdueWest Lafayette
33%
South AlabamaMobile
33%
BuffaloBuffalo
32%
Kent StateKent
31%
Washington StatePullman
29%
Mississippi StateStarkville
29%
Colorado StateFort Collins
27%
Western MichiganKalamazoo
26%
WyomingLaramie
25%
MassachusettsAmherst
25%
RutgersNew Brunswick
25%
ConnecticutStorrs
22%
Old DominionNorfolk
22%
Florida AtlanticBoca Raton
22%
North TexasDenton
22%
Southern MissHattiesburg
21%
MarshallHuntington
21%
East CarolinaGreenville
21%
New Mexico StateLas Cruces
20%
Appalachian StateBoone
19%
Middle TennesseeMurfreesboro
19%
Ball StateMuncie
19%
Eastern MichiganYpsilanti
17%
LibertyLynchburg
16%
TroyTroy
16%
Utah StateLogan
15%
Northern IllinoisDeKalb
14%
Texas StateSan Marcos
14%
Central MichiganMount Pleasant
13%
Arkansas StateJonesboro
13%
Louisiana TechRuston
13%
Georgia SouthernStatesboro
11%
Coastal CarolinaConway
10%

Score Distribution

Percentile by Number Answered

Percent of People with Each Score

Your Score History

You have not taken this quiz since the last reset